Praktický zeměpis /

Main Author: Ládek, Josef
Corporate Author: TRIVIS - Střední škola veřejnoprávní a Vyšší odborná škola prevence kriminality a krizového řízení (Praha, Česko)
Language: Czech
Published: Praha : Armex, 2010
Edition: 1. vyd.
Series: Skripta pro střední a vyšší odborné školy
Subjects:
Physical Description: 88 s. : il., mapy, faksim. ; 30 cm
Book
Saved in:
LEADER 02179nam a2200553 a 4500
001 nkc20102125433
003 CZ PrNK
005 20101014152954.0
007 ta
008 100910s2010 xr abh d p 000 0 cze
015 |a cnb002125433 
020 |a 978-80-86795-96-6  |q (Armex :  |q brož.) 
035 |a (OCoLC)681497434 
040 |a BOA001  |b cze  |d ABA001 
072 7 |a 91  |x Geografie jako věda. Výzkum. Cestování  |2 Konspekt  |9 7 
072 7 |a 37.016  |x Učební osnovy. Vyučovací předměty. Učebnice  |2 Konspekt  |9 22 
080 |a 91  |2 MRF 
080 |a 911.2:528.42  |2 MRF 
080 |a 656.022.5  |2 MRF 
080 |a 614.87  |2 MRF 
080 |a (075.3)  |2 MRF 
080 |a (075.8)  |2 MRF 
100 1 |a Ládek, Josef  |7 mzk2010598328  |4 aut 
245 1 0 |a Praktický zeměpis /  |c Josef Ládek 
250 |a 1. vyd. 
260 |a Praha :  |b Armex,  |c 2010 
300 |a 88 s. :  |b il., mapy, faksim. ;  |c 30 cm 
490 1 |a Skripta pro střední a vyšší odborné školy 
500 |a Pod názvem: TRIVIS - Střední školy veřejnoprávní a Vyšší odborná škola prevence kriminality a krizového řízení 
504 |a Obsahuje bibliografii a bibliografické odkazy 
650 0 7 |a zeměpis  |7 ph116771  |2 czenas 
650 0 7 |a topografie  |7 ph126691  |2 czenas 
650 0 7 |a jízdní řády  |7 ph121378  |2 czenas 
650 0 7 |a přežití  |7 ph124914  |2 czenas 
650 0 9 |a geography (school subject)  |2 eczenas 
650 0 9 |a topography  |2 eczenas 
650 0 9 |a transport timetables  |2 eczenas 
650 0 9 |a survival  |2 eczenas 
655 7 |a učebnice středních škol  |7 fd133771  |2 czenas 
655 7 |a učebnice vyšších odborných škol  |7 fd133139  |2 czenas 
655 9 |a textbooks (secondary)  |2 eczenas 
655 9 |a textbooks (postsecondary)  |2 eczenas 
710 2 |a TRIVIS - Střední škola veřejnoprávní a Vyšší odborná škola prevence kriminality a krizového řízení (Praha, Česko)  |7 kn20051114005 
830 0 |a Skripta pro střední a vyšší odborné školy  |0 s 
910 2 |a BOA001  |b 4-1249.106 
990 |a BK 
995 |a 01 
991 |b 201010  |c NOV  |e n 
996 6 |b 2610447643  |c 4-1249.106  |l MZK  |r Sklad / do 1 hodiny  |n 0  |p p.v.  |w 001143091  |u 000010  |a 1  |e BOA001  |j MZK50  |s P